00638 2200193 4500001002100000005001500021035002000036007000300056008004100059020002200100082001400122084002000136100007100156245010100227260003400328300004200362650000900404600003100413INLIS00000000000150420250924101724 a0010-0925000018ta250924 g 0 ind  a978-602-344-143-3 a087.5:504 a087.5:504 KEM a0 aKementerian Pertanian, Badan Penelitian dan Pengembangan Pertanian1 aAku & Bumiku: Hijau Bumiku /cKementerian Pertanian, Badan Penelitian dan Pengembangan Pertanian aJakarta :bIAARD Press,c2016 aiv, 44 hlm. :bilus, ;c15 cm x 21 cm 4aBuku 4aAku & Bumiku: Hijau Bumiku